| 000 | 00595nam a2200193 a 4500 | ||
|---|---|---|---|
| 001 | 000024421 | ||
| 005 | 20200930023151.0 | ||
| 008 | 110127s1963 xxu r 000 0 eng d | ||
| 040 |
_aDO-SdBNP _beng _cBNPHU |
||
| 082 |
_ann* _bnn* |
||
| 245 | 0 | 0 |
_aMark Twain : _ba collection of critical essays / _cEdición de Henry Nash Smith. |
| 260 |
_aENglewoog Cliffs : _bPrentice-Hall, _c1963. |
||
| 300 |
_a179 p. ; _c20 cm. |
||
| 490 | 1 | _aTwentieth century views. | |
| 504 | _aBibliografía : 179 p. | ||
| 500 | _a"Un libro de espectro". | ||
| 700 | 1 |
_aNash Smith, Henry, _eed. _950059 |
|
| 049 | _aBNGR | ||
| 999 |
_c23914 _d23914 |
||